| Tag |
First Indicator |
Second Indicator |
Subfields |
| LEADER |
00000cas a2200000L 4500 |
| 001 |
in00000060498 |
| 005 |
20151007082638.0 |
| 008 |
750726c19289999mnumr p 0uuua0eng d |
| 035 |
|
|
|a (OCoLC)01479898
|
| 035 |
|
|
|9 AAF8199AM
|
| 040 |
|
|
|a MUL
|c MUL
|d TXA
|d UtOrBLW
|
| 049 |
|
|
|a TXAE
|
| 090 |
|
|
|a SF402
|b .A4
|
| 245 |
0 |
0 |
|a American fur breeder.
|
| 264 |
|
1 |
|a Duluth, Minn., [etc.] :
|b American Fur Breeder Pub. Co.
|
| 300 |
|
|
|a volumes :
|b illustrations
|a monthly.
|
| 336 |
|
|
|a text
|b txt
|2 rdacontent
|
| 337 |
|
|
|a unmediated
|b n
|2 rdamedia
|
| 338 |
|
|
|a volume
|b nc
|2 rdacarrier
|
| 362 |
0 |
|
|a v. 1- July 1928-
|
| 650 |
|
0 |
|a Fur-bearing animals
|x Periodicals.
|
| 650 |
|
0 |
|a Fur trade
|x Periodicals.
|
| 999 |
|
|
|a MARS
|
| 999 |
f |
f |
|s 24b3adcb-cbfd-384e-9390-f153eee36e8a
|i ffe3b30e-2e90-35d2-8ac8-7affe09576be
|t 0
|
| 952 |
f |
f |
|p ric
|a Texas A&M University
|b Rellis Campus
|c Joint Library Facility
|d Remote Storage
|t 0
|e SF402 .A4
|h Library of Congress classification
|i unmediated -- volume
|k v.20
|l 1947-1948
|m A14842195415
|
| 952 |
f |
f |
|p ric
|a Texas A&M University
|b Rellis Campus
|c Joint Library Facility
|d Remote Storage
|t 0
|e SF402 .A4
|h Library of Congress classification
|i unmediated -- volume
|k v.6:no.6
|l 1933:Dec.
|m A14842195431
|
| 952 |
f |
f |
|p ric
|a Texas A&M University
|b Rellis Campus
|c Joint Library Facility
|d Remote Storage
|t 0
|e SF402 .A4
|h Library of Congress classification
|i unmediated -- volume
|k v.21
|l 1948-1949
|m A14842195290
|
| 952 |
f |
f |
|p ric
|a Texas A&M University
|b Rellis Campus
|c Joint Library Facility
|d Remote Storage
|t 0
|e SF402 .A4
|h Library of Congress classification
|i unmediated -- volume
|k v.22
|l 1949-1950
|m A14842195399
|
| 952 |
f |
f |
|p ric
|a Texas A&M University
|b Rellis Campus
|c Joint Library Facility
|d Remote Storage
|t 0
|e SF402 .A4
|h Library of Congress classification
|i unmediated -- volume
|k v.19
|l 1946-1947
|m A14842195308
|
| 952 |
f |
f |
|p ric
|a Texas A&M University
|b Rellis Campus
|c Joint Library Facility
|d Remote Storage
|t 0
|e SF402 .A4
|h Library of Congress classification
|i unmediated -- volume
|k v.8:no.1-6
|l 1935-1936
|m A14842195316
|
| 952 |
f |
f |
|p ric
|a Texas A&M University
|b Rellis Campus
|c Joint Library Facility
|d Remote Storage
|t 0
|e SF402 .A4
|h Library of Congress classification
|i unmediated -- volume
|k v.18
|l 1945-1946
|m A14842195423
|
| 998 |
f |
f |
|a SF402 .A4
|s v.21 (1948/1949) v.22:no.1 (1949)-v.22:no.6 (1949)
|t 0
|l Remote Storage
|